000 00292nam a2200121 a 4500
008 100924s1986|||| d
245 1 0 _aNočné jazvy
100 1 _aFarkašová, Etela
260 _bSlovenský spisovateľ
_c1986
_aBratislava
020 _c13
044 _axo
_cSK
041 _aslo
999 _c10675
_d10675